Cronaca di un disamore /

Saved in:
Bibliografiske detaljer
Hovedforfatter: Cotroneo, Ivan (Author)
Format: Bog
Sprog:italiensk
Udgivet: Milano : Bompiani, 2007
Serier:Tascabili Bompiani ; 1028
Tags: Tilføj Tag
Ingen Tags, Vær først til at tagge denne postø!

MARC

LEADER 00000nam a22000007i 4500
001 IT\ICCU\CAG\1513056
003 ItRI
005 20251001232833.0
008 080110s2007 it |||||| ||||| |||||c
020 |a 9788845259821 
040 |b ita  |c ct 
041 7 |a ita  |2 ISO-639-2 
082 |a 853.914  |2 19 
100 1 |a Cotroneo, Ivan  |0 IT\ICCU\RAVV\092620  |4 aut 
245 1 0 |a Cronaca di un disamore /  |c Ivan Cotroneo. 
260 |a Milano :  |b Bompiani,  |c 2007 
300 |a 152 p. ;  |c 19 cm. 
830 0 |a Tascabili Bompiani ;  |v 1028  |0 IT\ICCU\CFI\0000031 
942 |2 ddc  |c BK 
952 |0 0  |1 0  |2 ddc  |4 0  |6 853_914000000000000_COT_CRO  |7 1  |9 307  |a GE  |b GE  |d 2023-11-22  |l 0  |o 853.914 COT CRO  |p 4311  |r 2023-11-22 16:35:37  |w 2023-11-22  |y BK 
952 |0 0  |1 0  |2 ddc  |4 0  |6 B_LNR02COTIVCRO21  |7 0  |9 6985  |a MI  |b MI  |d 2009-08-28  |i 5488  |l 0  |o B-LNR02-COTIV-CRO21  |p CDOM5488  |r 2025-07-13 16:28:00  |w 2025-07-13  |x DONO  |y BK 
981 1 |6 z01  |a i   |b xxxe  
982 1 |6 z01  |a n 
999 |c 5702  |d 5702